Biochemical experiments
Sparad:
| Huvudupphovsmän: | , , , |
|---|---|
| Materialtyp: | Bok |
| Språk: | engelska |
| Publicerad: |
Nueva York
Wiley-Interscience
1970
|
| Ämnen: | |
| Taggar: |
Lägg till en tagg
Inga taggar, Lägg till första taggen!
|
MARC
| LEADER | 00000nam a2200000 a 4500 | ||
|---|---|---|---|
| 001 | UCR5319 | ||
| 003 | CL-VaPUC | ||
| 008 | 980327e19700000US |||||||||||||||||eng|d | ||
| 082 | 0 | 4 | |a 572 |b BRU |2 21 |
| 100 | 0 | |a Bruening, George |e author |9 406087 | |
| 700 | 0 | |a Criddle, Richard |e author |9 406088 | |
| 700 | 0 | |a Preiss, Jack |e author |9 406089 | |
| 700 | 0 | |a Rudert, Frances |e author |9 406090 | |
| 245 | 1 | 0 | |a Biochemical experiments |
| 300 | |a 314 p | ||
| 942 | |c BK | ||
| 945 | |d 19980327 00:00:00 |a crobeson | ||
| 260 | |a Nueva York |b Wiley-Interscience |c 1970 | ||
| 650 | 0 | |a Bioquímica |9 259492 | |
| 650 | 7 | |a FENOMENOS BIOQUIMICOS |2 CL-VaPUC |9 360969 | |
| 650 | 0 | |a Análisis bioquímico |9 363390 | |
| 650 | 0 | |a Biología molecular |9 269677 | |
| 650 | 7 | |a LABORATORIOS DE ANALISIS |2 CL-VaPUC |9 406091 | |
| 583 | |a last modification |c 19980327 00:00:00 |k Rodrigo Vera | ||
| 999 | |c 267934 |d 267932 | ||
| 952 | |0 0 |1 0 |4 0 |6 572_000000000000000_BRU_1970 |7 0 |8 A |9 300768 |a BIBALI |b BIBALI |c GEN |d 2019-11-20 |i 1973118 |o 572 BRU 1970 |p 1973118 |r 2025-01-20 |w 2019-11-20 |y BK |k ALI | ||